000 00289nam a22001337a 4500
008 170404b xxu||||| |||| 00| 0 eng d
020 _a09357344074
041 _aeng
080 _a574
100 _a9
101 _aSHM
245 _aEONOMICS ETHICS ECOLOGY
_cJESKE.W.E
942 _2udc
_cBK
999 _c9635
_d9635